000 00672nas a2200229 4500
001 BR9800307
003 BR-BrBNA
005 20231205100657.0
007 ta
008 230509b bl.|||p| |||| 00| 00por d
040 _aBR-BrBNA
_bpor
_cBiblioteca Nacional de Agricultura
041 _a(Pt)
072 _aF06
100 1 _aTestezlaf, R.
100 1 _aCampioni, E.C.
245 1 _aComportamento hidraulico do tubogotejador "Queen gil"
650 _aIrrigacao por Gotejamento
650 _aGotejador
773 0 _tEngenharia Agricola (Brazil)
_xISSN 0100-9619
_g(1993), v. 13 p. 29-38
_wBR9800307
909 _a202311
_bLúcia
_c55
_dLúcia Elande
942 _2AGRIS
_n0
_cANA
999 _c157415
_d157415